000 00390pab a2200157 454500
008 180718b2008 xxu||||| |||| 00| 0 eng d
100 _aGupta, Arun
245 _aManipulation by assistance: undermining breastfeeding
260 _c2008
300 _ap.21-23.
362 _a6 Sep
650 _aBreast feeding
773 _aEconomic and Political Weekly
908 _aN
909 _a79490
999 _c79490
_d79490